[Event "ARG-ch Amateur U1700"]
[Site "Suipacha"]
[Date "2019.11.17"]
[Round "5.6"]
[White "Galliano, Jose Luis"]
[Black "Barrotto, Jose Ignacio"]
[Result "1-0"]
[WhiteElo "1593"]
[BlackElo "1606"]
[PlyCount "163"]
[EventDate "2019.11.15"]
[EventType "swiss"]
[EventRounds "8"]
[EventCountry "ARG"]
[SourceTitle "EXT 2024"]
[Source "ChessBase"]
[SourceDate "2023.10.10"]
[SourceVersion "1"]
[SourceVersionDate "2023.10.10"]
[SourceQuality "1"]

1. e4 c6 2. d4 d5 3. exd5 cxd5 4. Nf3 Nf6 5. Bd3 e6 6. c3 Bd6 7. Bg5 Nbd7 8. 0-0 0-0 9. Re1 Qc7 10. h3 h6 11. Bxf6 Nxf6 12. Nbd2 Bd7 13. Ne5 b5 14. Rc1 Rfc8 15. Ndf3 Qb6 16. Qd2 Bf8 17. g4 g6 18. h4 Be8 19. Qf4 Bg7 20. g5 Nh5 21. Qg4 b4 22. gxh6 Bxh6 23. Nxg6 fxg6 24. Rxe6 Nf6 25. Qh3 Qc7 26. Rxf6 Bxc1 27. Qe6+ Bf7 28. Rxg6+ Kf8 29. Qf6 Qf4 30. Ne5 Qxf6 31. Rxf6 Rc7 32. Bg6 Kg7 33. Rxf7+ Rxf7 34. Bxf7 bxc3 35. bxc3 Bb2 36. Bxd5 Rb8 37. Nc6 Rh8 38. Nxa7 Bxc3 39. Nc6 Rxh4 40. Kg2 Rh5 41. Bb3 Rg5+ 42. Kf3 Rg1 43. Ke3 Re1+ 44. Kd3 Bb2 45. d5 Kf8 46. f4 Ba3 47. f5 Bc5 48. Kc4 Rc1+ 49. Kb5 Ba3 50. Ne5 Rf1 51. f6 Rf5 52. Nd7+ Ke8 53. Kc6 Kd8 54. d6 Rf3 55. f7 Rc3+ 56. Kd5 Rd3+ 57. Ke4 Bxd6 58. Kxd3 Kxd7 59. Kc4 Kc6 60. Ba4+ Kb6 61. Kd5 Bf8 62. Ke6 Kc7 63. Bb5 Ba3 64. Kf6 Kb6 65. Be8 Bf8 66. a4 Kb7 67. Kg6 Bb4 68. Kg7 Bc3+ 69. Kg8 Bb4 70. f8Q Bxf8 71. Kxf8 Kb6 72. Ke7 Kc7 73. Ke6 Kb7 74. Kd6 Kb6 75. Kd5 Ka5 76. Kc5 Ka6 77. Kb4 Kb6 78. a5+ Ka6 79. Bb5+ Kb7 80. Kc5 Kc7 81. Bc6 Kc8 82. Kb6 1-0